| 000 | 00348nam a22001457a 4500 | ||
|---|---|---|---|
| 008 | 250422b ||||| |||| 00| 0 eng d | ||
| 020 | _a0915144220 | ||
| 041 | _aeng | ||
| 080 |
_21942 _a101WHI |
||
| 082 |
_2101WHI _a101WHI |
||
| 100 | _a42 | ||
| 101 | _aFILOZOFIA | ||
| 245 |
_aPLATO ON KNOWLEDGE AND REALITY _cNIKOLAS P.WHITE |
||
| 942 |
_2udc _cBK |
||
| 999 |
_c60671 _d60671 |
||